<?xml version="1.0" encoding="UTF-8"?>
<record
    xmlns:xsi="http://www.w3.org/2001/XMLSchema-instance"
    xsi:schemaLocation="http://www.loc.gov/MARC21/slim http://www.loc.gov/standards/marcxml/schema/MARC21slim.xsd"
    xmlns="http://www.loc.gov/MARC21/slim">

  <leader>01654nam a22002057a 4500</leader>
  <controlfield tag="005">20260116150049.0</controlfield>
  <controlfield tag="008">260116b        |||||||| |||| 00| 0 eng d</controlfield>
  <datafield tag="020" ind1=" " ind2=" ">
    <subfield code="a">9789357319256</subfield>
  </datafield>
  <datafield tag="040" ind1=" " ind2=" ">
    <subfield code="c">AL</subfield>
  </datafield>
  <datafield tag="041" ind1=" " ind2=" ">
    <subfield code="a">English</subfield>
  </datafield>
  <datafield tag="082" ind1=" " ind2=" ">
    <subfield code="a">920</subfield>
    <subfield code="b">ROYC</subfield>
  </datafield>
  <datafield tag="100" ind1=" " ind2=" ">
    <subfield code="a">Anuradha Roy</subfield>
    <subfield code="9">251508</subfield>
  </datafield>
  <datafield tag="245" ind1=" " ind2=" ">
    <subfield code="a">Called by the hills</subfield>
    <subfield code="b">: a home in the Himalaya</subfield>
  </datafield>
  <datafield tag="260" ind1=" " ind2=" ">
    <subfield code="a">Gurugram</subfield>
    <subfield code="b">Hachette Book Publishing </subfield>
    <subfield code="c">2025</subfield>
  </datafield>
  <datafield tag="300" ind1=" " ind2=" ">
    <subfield code="a">171p.</subfield>
    <subfield code="b">HB</subfield>
    <subfield code="c">22.5x14.5cm.</subfield>
  </datafield>
  <datafield tag="365" ind1=" " ind2=" ">
    <subfield code="a">5464</subfield>
    <subfield code="b">&#x20B9;800.00</subfield>
    <subfield code="c">&#x20B9;</subfield>
    <subfield code="d">&#x20B9;999.00</subfield>
    <subfield code="e">20%</subfield>
    <subfield code="f">10-01-2026</subfield>
  </datafield>
  <datafield tag="520" ind1=" " ind2=" ">
    <subfield code="a">A book about building a home and a wild garden on the edge of a Himalayan forest, illuminated by the author's own watercolours.
When novelist Anuradha Roy and her husband stumble upon a derelict cottage in the hill station of Ranikhet, they decide it is where they will now live. Leaving behind the freneticism of Delhi, Roy is initially bemused by the gentle pace of life in the mountains. Before long, however, she is won over: spellbound by the landscape, taken to the heart of her sometimes recalcitrant neighbours and adopted by several mountain dogs.
Over twenty-five years, as Roy becomes accustomed to living among forests where leopards roam freely, she will come to encounter nature at its most fierce, beautiful and vulnerable &#x2013; and bear witness to the destructive impact of global warming on the alpine ecosystem.

Called by the Hills: A Home in the Himalaya is an intimate portrait of a home, a community and a rugged, extraordinary landscape. Written with unsentimental clarity, humour and poignancy, this is an account of profound transformations.</subfield>
  </datafield>
  <datafield tag="650" ind1=" " ind2=" ">
    <subfield code="a">Biography and Memoir</subfield>
    <subfield code="9">251437</subfield>
  </datafield>
  <datafield tag="942" ind1=" " ind2=" ">
    <subfield code="2">ddc</subfield>
    <subfield code="c">BK</subfield>
  </datafield>
  <datafield tag="999" ind1=" " ind2=" ">
    <subfield code="c">240756</subfield>
    <subfield code="d">240756</subfield>
  </datafield>
  <datafield tag="952" ind1=" " ind2=" ">
    <subfield code="0">0</subfield>
    <subfield code="1">0</subfield>
    <subfield code="2">ddc</subfield>
    <subfield code="4">0</subfield>
    <subfield code="7">0</subfield>
    <subfield code="8">SOC</subfield>
    <subfield code="a">AL</subfield>
    <subfield code="b">AL</subfield>
    <subfield code="c">SK</subfield>
    <subfield code="d">2026-01-13</subfield>
    <subfield code="e">Biblios Book Point, Surathkal-575014</subfield>
    <subfield code="g">800.00</subfield>
    <subfield code="l">0</subfield>
    <subfield code="o">920 ROYC</subfield>
    <subfield code="p">078029</subfield>
    <subfield code="r">2026-01-16 11:35:13</subfield>
    <subfield code="v">999.00</subfield>
    <subfield code="w">2026-01-10</subfield>
    <subfield code="y">BK</subfield>
  </datafield>
</record>
